000 00706nam a2200229Ia 4500
003 OSt
005 20220122113727.0
008 210716s2004 xx 000 0 und d
020 _a8178813238
040 _cAIMIT LIBRARY
041 _aeng
082 _a332.12
_21
_bSUBV
100 _aSubbulakshmi, V.
_914386
245 _aNew Basel Accord:
_bImplementation Perspectives /
_cEdited by V Subbulakshmi
250 _a[1st ed.]
260 _aIndia:
_bThe ICFAI University,
_c2004.
300 _a179, A14p. ;23cm.
650 _aComments by Central Banks
_914387
650 _aOperational risk critical aspect of basel
_914388
700 _aSubbulakshmi, V.
_914386
942 _2ddc
_cBK
_e1st
_k332.12 SUBV
999 _c202430
_d202430